| 000 | 00668cam a2200193K 4500 | ||
|---|---|---|---|
| 082 | 0 | 4 |
_a620.191 _bGUL _cL-16, P-71. |
| 100 | 1 |
_aGulhati, Shashi K. _940936 |
|
| 245 | 1 | 0 |
_aEngineering properties of soils _cShashi K. Gulhati. |
| 260 |
_aNew Delhi, _bTata McGraw- Hill Publishing Company Limited, _c1989. |
||
| 300 |
_a1 online resource (82 p.) _billus. |
||
| 526 |
_a0 _b0 _c0 _d620_191000000000000_GUL |
||
| 650 | 0 |
_aMCE. _9379 |
|
| 650 | 0 | _aSoil mechanics. | |
| 650 | 0 |
_aSoils _xTesting. _921515 |
|
| 650 | 6 |
_aSols _xEssais. _940937 |
|
| 650 | 6 |
_aSols, Mécanique des. _940938 |
|
| 856 | 4 | 0 | _uhttp://catalog.hathitrust.org/api/volumes/oclc/1889127.html |
| 942 |
_2ddc _cBK |
||
| 999 |
_c545154 _d545154 |
||